000 01301nam a2200241Ii 4500
003 JO-AjNU
005 20240623131538.0
008 230605s9999||||xx |||||||||||||| ||und||
040 _aJO-AjNU
_bara
_erda
_cJO-AjNU
041 _aara
100 _aمقابلة، مجد محمد احمد
_964855
_eمعد
245 _aأثر الإفصاح عن المسؤولية الإجتماعية على اداء الشركات المساهمة العامة الأردنية : دراسة تحليلية = The Impact fo Social Responsibility Disclosure on the Performance of Jordanian Corporations : An Analytical Study /
_c اعداد مجد محمد احمد مقابلة ؛ اشراف تركي راجي الحمود، سهيل عيسى مقابلة
260 _c2019
300 _a134 ورقه
336 _atext
_btxt
_2rdacontent
337 _aunmediated
_bn
_2rdamedia
338 _avolume
_bnc
_2rdacarrier
500 _aرساله جامعية (ماجستير) - جامعة اليرموك، 2019
650 _vالمسؤولية الاجتماعية للعمل-الشركات العامة المساهمة-الأداء المالي-الأردن
700 _aتركي راجي الحمود
_964758
_eمشرف
700 _aسهيل عيسى مقابلة
_964856
_eمشرف مشارك
942 _2lcc
_cTHS
999 _c33042
_d33042